IoT v pestovaní rastlín

Salvato in:
Dettagli Bibliografici
Autore principale: Hrnčiariková, Lucia (Autore)
Altri autori: Ťapák, Peter (Relatore della tesi)
Natura: Manoscritto Libro
Lingua:slovacco
Pubblicazione: Bratislava : STU v Bratislave FEI, 2024
Soggetti:
Accesso online:https://opac.crzp.sk/?fn=detailBiblioFormChildK10VKF&sid=9A7D98113A4E7D6F06A673A0EB46&seo=CRZP-detail-kniha
Tags: Aggiungi Tag
Nessun Tag, puoi essere il primo ad aggiungerne!!

MARC

LEADER 00000ntm a22000003a 4500
001 stuzp98031
003 SK-STU
005 20250424130808.9
007 ta
008 150427s2015----xo-----f-mn---000-0-slo-d
040 |a STU  |b slo 
041 0 |a slo 
044 |a xo 
100 1 |a Hrnčiariková, Lucia  |u 030400  |4 aut  |U FEI Fakulta elektrotechniky a informatiky  |T FEI Ústav automobilovej mechatroniky  |X 99290  |U E400  |Y 642  |7 99290 
242 0 1 |a IoT in plant growing  |y eng 
245 1 0 |a IoT v pestovaní rastlín 
260 |a Bratislava :  |b STU v Bratislave FEI,  |c 2024 
300 |a 75 s. 
650 4 |a Raspberry Pi  |2 slo 
650 4 |a Python  |2 slo 
650 4 |a Swift  |2 slo 
650 4 |a pestovanie rastlín  |2 slo 
650 4 |a IoT  |2 slo 
650 4 |a inteligentné zalievanie  |2 slo 
650 4 |a IoT  |2 eng 
650 4 |a smart watering  |2 eng 
650 4 |a growing plants  |2 eng 
650 4 |a Raspberry Pi  |2 eng 
650 4 |a Python  |2 eng 
650 4 |a Swift  |2 eng 
700 1 |a Ťapák, Peter  |u 030400  |k Z1  |4 ths  |U FEI Fakulta elektrotechniky a informatiky  |T FEI Ústav automobilovej mechatroniky  |X 3715  |U E400  |Y 642  |7 A000003715 
856 4 |u https://opac.crzp.sk/?fn=detailBiblioFormChildK10VKF&sid=9A7D98113A4E7D6F06A673A0EB46&seo=CRZP-detail-kniha